[Event "Shah Alam Challenger"]
[Site "Shah Alam"]
[Date "2016.01.30"]
[Round "6"]
[White "Abdul Rashid, Hasidin"]
[Black "Lim, Kian Hwa"]
[Result "0-1"]
[WhiteElo "1374"]
[BlackElo "1778"]
[PlyCount "72"]
[EventDate "2016.01.23"]
[EventType "swiss"]
[EventRounds "9"]
[EventCountry "MAS"]
[SourceTitle "EXT 2017"]
[Source "ChessBase"]
[SourceDate "2016.10.25"]
[SourceVersion "1"]
[SourceVersionDate "2016.10.25"]
[SourceQuality "1"]

1. d4 d5 2. c4 e6 3. Nc3 Nf6 4. cxd5 exd5 5. Bg5 Nbd7 6. e3 Be7 7. Bd3 c6 8. Nf3 0-0 9. Qc2 Re8 10. 0-0-0 Nf8 11. h3 Ne4 12. Bxe7 Qxe7 13. Ne5 a5 14. Nxe4 dxe4 15. Bc4 Be6 16. Kb1 a4 17. Bxe6 Qxe6 18. Qc4 f6 19. Qxe6+ Rxe6 20. Nc4 b5 21. Nd2 Nd7 22. g4 Nb6 23. Rc1 Nd5 24. a3 b4 25. Nc4 Rb8 26. Ka1 Rb5 27. h4 Kf8 28. g5 f5 29. Ne5 bxa3 30. bxa3 Rb3 31. Ka2 Nc3+ 32. Ka1 Rxa3+ 33. Kb2 Rb3+ 34. Ka1 Re7 35. Nxc6 Reb7 36. Na5 Ra3# 0-1